| 000 | 01682nam a2200373 i 4500 | ||
|---|---|---|---|
| 001 | ebr10879023 | ||
| 003 | CaPaEBR | ||
| 006 | m o d | ||
| 007 | cr cn||||||||| | ||
| 008 | 110606s2010 ug a ob 001 0 eng|d | ||
| 020 | _z9966151148 | ||
| 020 | _z9789966151148 | ||
| 020 | _a9789966031976 (e-book) | ||
| 040 |
_aCaPaEBR _beng _erda _epn _cCaPaEBR |
||
| 035 | _a(OCoLC)882503974 | ||
| 043 | _af-ug--- | ||
| 050 | 1 | 4 |
_aKTW89.15 _b.T37 2010eb |
| 100 | 1 |
_aTarinyeba, Winifred Mary, _eauthor. |
|
| 245 | 1 | 4 |
_aThe design of micro credit contracts and micro enterprise access to finance in Uganda / _cWinifred Tarinyeba Kiryabwire. |
| 264 | 1 |
_aKampala, Uganda : _bLawAfrica, _c2010. |
|
| 300 |
_a1 online resource (192 pages) : _billustrations |
||
| 336 |
_atext _2rdacontent |
||
| 337 |
_acomputer _2rdamedia |
||
| 338 |
_aonline resource _2rdacarrier |
||
| 500 | _a"September 2010." | ||
| 504 | _aIncludes bibliographical references (pages [155]-166) and index. | ||
| 588 | _aDescription based on print version record. | ||
| 590 | _aElectronic reproduction. Palo Alto, Calif. : ebrary, 2014. Available via World Wide Web. Access may be limited to ebrary affiliated libraries. | ||
| 650 | 0 |
_aMicrofinance _xLaw and legislation _zUganda. |
|
| 655 | 0 | _aElectronic books. | |
| 776 | 0 | 8 |
_iPrint version: _aTarinyeba, Winifred Mary. _tDesign of micro credit contracts and micro enterprise access to finance in Uganda. _dKampala, Uganda : LawAfrica, 2010 _hvii, 168 pages ; 22 cm _z9789966151148 _w(DLC)10879023 |
| 797 | 2 | _aebrary. | |
| 856 | 4 | 0 |
_uhttp://site.ebrary.com/lib/rucke/Doc?id=10879023 _zAn electronic book accessible through the World Wide Web; click to view |
| 999 |
_c46950 _d46950 |
||